| 000 | 01982cam a22005174i 4500 | ||
|---|---|---|---|
| 003 | PE-LiUPU | ||
| 005 | 20250731165620.0 | ||
| 008 | 150616s r 000 0 d | ||
| 035 | _a(Sirsi) a6085 | ||
| 035 | _a(Sirsi) a6085 | ||
| 040 |
_aPE-LiUPU _bspa _cPE-LiUPU _erda |
||
| 049 | _aPRUA | ||
| 082 | 0 | 4 |
_a492.42303d _bB84 _221 |
| 100 | 1 |
_aBrown, Francis, _d1849-1916, _eautor. |
|
| 245 | 1 | 4 |
_aThe new Brown, Driver, and Briggs Hebrew and English lexicon of the Old Testament / _cbasada en el léxico de William Gesenius según la traducción de Edward Robinson, editado por Francis Brown con la colaboración de SR Driver y Charles A. Briggs. |
| 264 | 1 |
_aIndiana : _bAssociated Publishers and Authors, Inc., _c1981. |
|
| 300 |
_a1118 páginas ; _c22 cm. |
||
| 336 |
_atext _2rdacontent |
||
| 337 |
_aunmediated _2rdamedia |
||
| 338 |
_avolume _2rdacarrier |
||
| 505 | 0 | _aLéxico Hebreo-arameo. | |
| 526 | _aSEG44 | ||
| 526 | _aSEG26 | ||
| 526 | _aP151 | ||
| 526 | _aP150 | ||
| 526 | _aP149 | ||
| 526 | _aP146 | ||
| 526 | _aP145 | ||
| 526 | _aP126 | ||
| 526 | _aP125 | ||
| 526 | _aP92 | ||
| 526 | _aP75 | ||
| 526 | _aP74 | ||
| 526 | _aP27 | ||
| 526 | _aP15 | ||
| 650 | 0 | 4 |
_aHebreo bíblico _vDiccionarios _xInglés. |
| 650 | 0 | 4 |
_aInglés _vDiccionarios _xHebreo bíblico. |
| 650 | 0 | 4 |
_aArameo _vDiccionarios _xInglés. |
| 910 |
_ajck _bjvq _cjck |
||
| 942 |
_2ddc _cBOOK |
||
| 949 |
_aRC 492.42303D B84 _wDEWEY _c1 _i21911 _lRC _mBUL _r0 _sY _tBOOK _u2015-6-16 _xTEOLOGIA _zUNKNOWN _0COMPRA _o.CIRCNOTE. No olvidar cambiar la fecha de devolución!!!!!!! _o.STAFF. Colección General |
||
| 994 |
_aC0 _bPEPRU |
||
| 596 | _a1 | ||
| 999 |
_aRC 492.42303D B84 _wDEWEY _c57180 _i21911 _d57180 _e2017-1-13 _f2021-11-8 _g5 _lCCODEBUL1 _mBUL _n1 _q22 _r1 _sY _tBOOK _u2015-6-16 _xTEOLOGIA _zUNKNOWN _0COMPRA _o.CIRCNOTE. No olvidar cambiar la fecha de devolución!!!!!!! _o.STAFF. Colección General |
||
| 980 |
_81 _gALBERTO SANCHEZ Responsable de Automatización |
||